| 000 | 00612cam a22001814a 4500 | ||
|---|---|---|---|
| 005 | 20250605164230.0 | ||
| 008 | 250528s ||||||||||||||||||||||||d | ||
| 035 | _a20946 | ||
| 020 | _a9789601429908 | ||
| 040 |
_aGR-AtMCL _bgre _dGR-AtMCL _eAACR2 |
||
| 245 | 1 | _aΚοινωνική Δυναμική και Πολιτική Αυτοδιοίκηση / Οι Ελληνικές Κοινότητες της Τουρκοκρατίας | |
| 260 |
_bΑ. Α. Λιβάνη, _c2012 |
||
| 300 | _a584 | ||
| 700 | 1 |
_aΚοντογιώργης Γιώργος Δ _96936 |
|
| 942 | _cBK | ||
| 999 |
_c6023 _d6023 |
||